Slap Battles gloves tooltips - Statistics

General Stats
  • This quiz has been taken 38 times
    23 since last reset
  • The average score is 44 of 199
Answer Stats
Tooltip Glove % Correct
The glove that you were born with. Default
100%
The gloves that you were born with. Dual
100%
never step on a brick Brick
91%
A makeshift glove forged from the diamonds that you stole. Diamond
91%
The glove you were born with but longer Extended
91%
shhhh, he's sleeping ZZZZZZZ
91%
"BUILDING A FORTRESS BUILDING A FORTRESS BUILDING A FORTRESS BUILDING A FORTRESS BUILDING A FORTRESS" Fort
73%
I always thought a glove was supposed to keep your hands warm. Snow
73%
adios amigos Adios
64%
What do you call a boomerang that doesn't come back? a stick. Boomerang
64%
"rng moment". Dice
64%
"gotta go fast" Flash
64%
You've got mail Mail
64%
"so you're telling me that they are supposed to fly the OTHER way?" Pull
64%
Slap Battles Any% Speedrun (Glitchless) Previously *speedruns slapping* Speedrun
64%
boing Spring
64%
"YOU STOLE MY POSITION!" Swapper
64%
It's actually just a cooking gauntlet with candy taped on it. Thanos
64%
"This glove can take a heavy pounding." Bull
55%
Meow el gato
55%
Hey look, buddy, I’m an engineer. That means I solve problems. Not problems like “what is beauty?”, because that would fall within the purview of your conundrums of philosophy. I solve practical problems. Engineer
55%
This is either the soul of an ancient demon manifested as a hand or balloon shaped like a hand. Ghost
55%
Drippy ICE🥶🥶🥶 Ice
55%
This glove collects the souls of your victims to make you stronger. Killstreak
55%
Very attractive glove. Magnet
55%
bringing a whole new definition to rock and roll Rocky
55%
SQuiB GAEM=?!?!? Squid
55%
zap zap Stun
55%
"Oi Josuke, I deleted myself and my stand. Now, I'm a hand." Za Hando
55%
go over there instead Anchor
45%
To infinity, and *POP* Balloony
45%
you know what, IM TIRED OF YOU. *blocks you* Blocked
45%
most anticipated return of the century Coil
45%
legally obligate them to stay away Conveyor
45%
Diamond glove's big brother Defense
45%
Get back here! So you can get away from me! Divert
45%
1v1 me noob *dies* "ez" Duelist
45%
Quite literally the midas' touch Golden
45%
So you're telling me that you make their pores exhale into gum??? Ew. Gummy
45%
Ya Like Jazz? Hive
45%
Literally One Large and Bangin' Obliterating Mine Baton L.O.L.B.O.M.B
45%
Fallen Gods have Fallen Legacies MR
45%
dash away from your problems Phantom
45%
Your breath is hot with disease; the mark of death is on your face; the snake of the pestilence has bitten you. Reaper
45%
"Clones have a very low iq, don't be suprised if they just walk off a cliff" Replica
45%
"no u" Reverse
45%
"omae wa mou shindeiru" Shukuchi
45%
ok but don't asphyxiate Space
45%
portable timestop STOP
45%
i'm outta your weight class, son T H I C K
45%
you *vine thud* are *vine thud* sus *vine thud* woah
45%
The cake was a lie Wormhole
45%
BATTER UP Home Run
36%
S̵̡̡̬͙͍̺̝̤̭͉̾̓̂̓̓́̈̐͊͜L̶̛̘̯̻̎́͌̈́̋̍̇̾͋͑̀́̈́͘Ę̶̳͇͇͉̦̮͍̻͍̞̽̂͑E̴̡̮͖̮͗̋̈́P̸̢̨̛͕̜̖͙͚̤̗̣̒̓́͜ Nightmare
36%
and then the ping pong ball told the other ping pong ball "see you round bro" Ping Pong
36%
Hidden in plain sight Prop
36%
rock but moving (not clickbait) Pusher
36%
Free my boy he ain't do nothin' wrong 🙏 Shackle
36%
i'm coming after you. Track
36%
Check out Boss Fighting Stages, it is the origin of Baller (I didn't invent Baller) Baller
27%
this glove SUCKS Blackhole
27%
*wets eyes* Blink
27%
With this oar I'll send you to the depths Ferryman
27%
Become Anvil :) Gravity
27%
Behold! The Power of an Angel! Guardian Angel
27%
Who is the real one? Jebaited
27%
Cloudy with a chance of meteors. Meteor
27%
Why do they call it Oven when you of in the cold food of out hot eat the food Oven
27%
Parry this you filthy casual Parry
27%
Yes, it's bigger on the inside. No, I don't pay rent Pocket
27%
SHING SHING SHING SHING Slicer
27%
“The power of the Sun… in the palm of my hand". Sun
27%
IS THAT A SLAP BATTLES REFERENCE?? Beatdown
18%
I'm going to go Beyond the level of Berserk! Berserk
18%
go that way :WHEEZE: Booster
18%
Look at all those chickens Chicken
18%
I believe i can fly!!! Cloud
18%
Time to get my hands dirty and handle some noobs rq Excavator
18%
Weeeeeeeeeeeee- Grapple
18%
IT'S NOT A PHASE MOM! Phase
18%
Haven't I been here before? Recall
18%
Isolated from humanity... But at what cost... Shield
18%
We engage in a modicum of trolling, a subtle dance of jest and wit, where humor intertwines with mischief Slapstick
18%
Only a spoonful Spoonful
18%
OUR TABLE. IT’S BROKEN Tableflip
18%
Stun's older brother Thor
18%
*teleports behind you* nothing personal, kid Ultra Instinct
18%
"Imagine poking a voodoo doll on the shoulder every now and then" Voodoo
18%
become a fidget spinner Whirlwind
18%
Every copy of Slap Battles is personalized 64
9%
Press the spoon to finish up the brew (will explode if not careful). Click potions to drink them, hold to throw. Alchemist
9%
That one quote from Star Fox 64 Barrel
9%
Summer haters when i hurl a massive beachball at 6.706e+8 mph towards their head Beachball
9%
bob wants new friends bob
9%
This is the Hammer of Discipline! Do you live in a cave!? BONK
9%
how did you create a bubble out of thin air???? Bubble
9%
befriending people 101 buddies
9%
look both ways smh bus
9%
IS THIS… A CLASH ROYALE REFERENCE?!?!?!?!?!?!?!? Chain
9%
RAAAAAAAH Charge
9%
So you have chosen death? Counter
9%
"Slap Battles is not a cult" CULT
9%
What's a fitting description of literally everything? Because that's what this glove is. CUSTOM
9%
Oh, they're goin' ta have to glue you back together... IN HELL Demolition
9%
I call upon you vegetation Druid
9%
ERROR 666 Error
9%
killer fish from san diego fish
9%
For when a boomerang just isn't cool enough. Flamarang
9%
01010010 01010101 01001110 Glitch
9%
Everyday I'm shovelin Glovel
9%
How did you even get a hold of this? God's Hand
9%
That'll be 8 elixir bud Golem
9%
Me when I GET you Grab
9%
Jack's will. Hallow Jack
9%
Hammer time. Hammer
9%
*Takes down bounty post* Hitman
9%
"The definition of all in one" Hybrid
9%
WHERE'S MY SUPER SUIT? Iceskate
9%
I simply wanted MORE gravity, not less. Jupiter
9%
who's the seafood now? Kraken
9%
Is THIS the Worlds Brightest Lightbulb? Let's find out Lamp
9%
this is what cowboys do to bandits Leash
9%
MEGA ROCK, WOOOOOOOO MEGAROCK
9%
TACTICAL present INCOMING! Mitten
9%
Fly me to the moooooooooooooon Moon
9%
🗿 Moyai
9%
build a MEGA OBBY 5000+ STAGES FREE ADMIN FUN EASY OBBY now. Obby
9%
What does the frog on the International Space Station say? "Orbit, Orbit" I am not funny Orbit
9%
You're basically holding a piece of lava. OVERKILL
9%
potato potato
9%
No superpowers?👽 Psycho
9%
The Earth quakes beneath this fist of mine. Quake
9%
GRRRRRRRR Rage
9%
*bone sounds* Rattlebones
9%
Get pwned Retro
9%
Dance along! Rhythm
9%
You don't spawn rob, rob spawns you rob
9%
I SUMMON POT OF GREED TO DRAW 3 ADDITIONAL CARDS FROM MY DECK Roguelike
9%
💀 Run
9%
S(he)be(lie)ve(d) Sbeve
9%
*Loads shotgun with malicious intent* Shotgun
9%
don't eat your glove Slapple
9%
Build your very own snow fortress with this silly little glove Snowball
9%
I'M SHOCKINGLY GOOD AT THIS Sparky
9%
Best ability in the game, only one problem; 0 power. Spectator
9%
The biggest flex of them all. The Flex
9%
$$$$$$$ Tycoon
9%
Bogo's Binted? 👽 UFO
9%
i work out ok? Acrobat
0%
;make me op Admin
0%
It's got to be perfect... it has to be... there's no turning back now... Avatar
0%
These chains... to hold... ME? Bind
0%
WHOSE IDEA WAS THIS!? Blasphemy
0%
bombs infused with pixie dust? What a horrible idea. Bomb
0%
STOP! Hammer Time! Boogie
0%
I'm not going to sugarcoat. E + LMB Boxer
0%
i forgor💀 Confusion
0%
KABLOOEY Detonator
0%
overkill more like no kill Disarm
0%
What's up danger? Divebomb
0%
my turf, not yours Dominance
0%
You can't hit what isn't there. Elude
0%
WOOOOOSH Fan
0%
3 YEARS OF SLAP BATTLES! Firework
0%
Welcome to the Himalayas! Frostbite
0%
:troll: Goofy
0%
As long as there are two people left on the planet, someone is gonna want someone dead Hunter
0%
Now you see me, Now you- Oh Jester
0%
tactical uhh missile strike?? Jet
0%
Juan Joust
0%
actually the killer fish from san diego Killerfish
0%
leave me alone or you shall see what happens when you anger the nice guy... Kinetic
0%
Free Headless (Trust) Knockoff
0%
hippity hoppity your life is now my property Link
0%
Where are you going? come back. Lure
0%
MATERIALIZE™ ANYWHERE. MATERIALIZE
0%
FETCH ME THEIR SOULS Necromancer
0%
l̸̨͍̏o̶̲͐̂ö̴̯̑k̴͎̳̉ ̵̧̧̚i̵͍͐n̴͖͗̑ṫ̶̝͇o̶̳̒ ̶̜̏̏t̵̛͇̭h̴͕̿ȩ̸̑ ̸̱̖̆ȩ̵͗̒ň̵͇d̶̡́ Null
0%
Say goodbye to your kneecaps, Chucklehead Pan
0%
Patient zero: "Spooks_init" Plague
0%
I'm no physicist, but by all accounts this glove makes no sense Plank
0%
Man, I'm dead Poltergeist
0%
First Glove Owner: "Elias1187" [REDACTED]
0%
If a Restraining Order was a glove Relude
0%
"WHAT IS GOING ON" RNG
0%
"I CAN FINALLY SEE!" Rojo
0%
Guess who’s coming to town Santa
0%
Old garden tool Scythe
0%
anti-overkill moment Shard
0%
This Glove was kinda "donated" to us by Slaperture Science Siphon
0%
are ya spinning son? spin
0%
"Right behind you." Spy
0%
Running on the Source Engine since 2004 the schlob
0%
So I did some building off camera... Tinkerer
0%
The paths… I do what must be done… Titan
0%
this glove is actually horrifying when you think about it Trap
0%
Hi, just wanted to swoop in. Warp
0%
How do you think these islands stay so clean? Water
0%
Let me fix that lobsided nervous system of yours Wrench
0%
No matching quizzes found
Score Distribution
Percent of People with Each Score
Percentile by Number Answered
Your Score History
You have not taken this quiz since the last reset